3-Indolylglycíny a γ-oxo-α-aminokyseliny ako 1,3-bifunkčné nukleofily dizertačná práca

Gespeichert in:
Bibliographische Detailangaben
1. Verfasser: Markus, Jozef
Format: Buch
Sprache:Slowakisch
Veröffentlicht: Bratislava STU FCHPT 2016
Online-Zugang:Im OPAC anzeigen
Tags: Tag hinzufügen
Keine Tags, Fügen Sie das erste Tag hinzu!

MARC

LEADER 00000nam a2200000 a 4500
005 20260127134309.0
008 170327 2016 xo 001 0 slo d
035 |a vtls011620218 
039 9 |a 201703271135  |b mschk03  |y 201703270957  |z mschk03 
040 |a STUSCHK1  |b slo  |c STUSCHK1  |e AACR2 
100 1 |a Markus, Jozef 
245 1 |a 3-Indolylglycíny a γ-oxo-α-aminokyseliny ako 1,3-bifunkčné nukleofily  |b dizertačná práca  |c Jozef Markus 
260 |a Bratislava  |b STU FCHPT  |c 2016 
300 |a 163 s.  |b il.  |c 25 cm 
500 |a Študijný program: organická chémia 
500 |a Študijný odbor: organická chémia 
500 |a Školiace pracovisko: FCHPT-19989-40437 
500 |a Evid. číslo: FCHPT-19989-40437 
910 |a SCHK95 
999 |c 9113  |d 9113